| 000 | 00474nam a2200157 4500 | ||
|---|---|---|---|
| 082 | _aBSCS-2 ARS | ||
| 100 | _aMUHAMMAD FAROOQ ARSHAD | ||
| 245 | _aSMART POWER ASSISTANT | ||
| 260 |
_aISLAMABAD _bNUST-SEECS _c2016 |
||
| 300 |
_a51p. _eCD INCLUDES |
||
| 563 | _aa | ||
| 856 | _uhttp://10.250.8.41:8080/xmlui/handle/123456789/8995 | ||
| 942 |
_2ddc _cTHE |
||
| 999 |
_c173223 _d173223 |
||